| 000 | 01499nam a22003737a 4500 | ||
|---|---|---|---|
| 003 | CHAP | ||
| 005 | 20220329134432.0 | ||
| 008 | 971013s1975 r 00010 d | ||
| 010 | _a20476 | ||
| 011 | _a21448 | ||
| 035 | _a25538 | ||
| 040 | _cCHAP | ||
| 082 |
_a338.109726 _bA7 |
||
| 100 | 0 | 0 |
_aArgáez, Ignacio. _96998 |
| 245 |
_aYucatán _b: las condiciones del desarrollo de la agricultura de subsistencia |
||
| 260 |
_aMérida, Yuc., : _bUniversidad de Yucatán. Escuela de Economía, _c1975 |
||
| 300 | _a59 p | ||
| 590 |
_aBATCH-UPD _b10 _c20130110 _lUCH01 _h2002 |
||
| 590 |
_aBATCH-UPD _b10 _c20130410 _lUCH01 _h1322 |
||
| 590 |
_aBATCH-UPD _b10 _c20130914 _lUCH01 _h0412 |
||
| 590 |
_aBATCH-UPD _b10 _c20130914 _lUCH01 _h2111 |
||
| 590 |
_aCONVERSION _b10 _c20130109 _lUCH01 _h1312 |
||
| 650 | 1 | 4 |
_aAgricultura _xAspectos economicos _xYucatan. _91306 |
| 650 | 1 | 4 |
_aYucatán _xCondiciones económicas. _9123315 |
| 700 | 0 |
_aMontañez, Carlos. _977745 |
|
| 901 | _aBK | ||
| 942 | _cLIBRO | ||
| 949 |
_a338.109726 A7 _bBC _cLIBRO _d-58880 _eLIBRO _fc.6 _h38762 _i25538 _mD _si |
||
| 949 |
_a338.109726 A7 _bBC _cLIBRO _d33724000364246 _eLIBRO _fc.4 _h1103 _i25538 _mD _si |
||
| 949 |
_a338.109726 A7 _bBC _cLIBRO _d33724000364279 _eLIBRO _fc.5 _h1104 _i25538 _si |
||
| 949 |
_a338.109726 A7 _bBC _cLIBRO _d33724000364287 _eLIBRO _h1100 _i25538 _mD _si |
||
| 949 |
_a338.109726 A7 _bBC _cLIBRO _d33724000364295 _eLIBRO _fc.2 _h1101 _i25538 _mD _si |
||
| 949 |
_a338.109726 A7 _bBC _cLIBRO _d33724000364337 _eLIBRO _fc.3 _h1102 _i25538 _mD _si |
||
| 999 |
_c20476 _d20476 |
||